000 00492cam a2200157 4500500
005 20260329001735.0
041 _afre
042 _adc
100 1 0 _aAllary, Guillaume
_eauthor
245 0 0 _aQuand la City détruit la cité
260 _c2009.
500 _a87
690 _aIndividualisme
786 0 _nPhilosophie magazine | 26 | 2 | 2009-02-01 | p. 11-11 | 1951-1787
856 4 1 _uhttps://shs.cairn.info/magazine-philosophie-magazine-2009-2-page-11?lang=fr&redirect-ssocas=7080
999 _c1808199
_d1808199